| 000 | 00493cam a22002054a 4500 | ||
|---|---|---|---|
| 005 | 20250605164312.0 | ||
| 008 | 250528s ||||||||||||||||||||||||d | ||
| 035 | _a22542 | ||
| 020 | _a9780273624448 | ||
| 040 |
_aGR-AtMCL _bgre _dGR-AtMCL _eAACR2 |
||
| 245 | 1 | _aACCOUNTING: THEORY AND PRACTICE | |
| 250 | _a6 | ||
| 260 |
_bPitman Publishing, _c1997 |
||
| 300 | _a744 | ||
| 700 | 1 |
_aGlautier M.W.E _9745 |
|
| 700 | 1 |
_aUnderdown B _9746 |
|
| 942 | _cBK | ||
| 999 |
_c7590 _d7590 |
||